| 000 | 00992nam a2200253 a 4500 | ||
|---|---|---|---|
| 001 | 39652 | ||
| 003 | BD-RjUL | ||
| 005 | 20211209053032.0 | ||
| 008 | 160416s2015 bg a|||| b||| 00| 0 ben d | ||
| 020 | _c: Tk. 200.00 | ||
| 035 | _a(BD-RjUL)39765 | ||
| 040 |
_aBD-RjUL _bben _cBD-RjUL |
||
| 041 | _aben | ||
| 082 |
_223 _a954.924 _bHOS 2015 |
||
| 100 |
_aহোসেন, আনোয়ার _9122132 |
||
| 245 |
_aশাহাজাদপুরের ইতিকথা / _cআনোয়ার হোসেন |
||
| 260 |
_aবগুড়া : _bসাপ্তাহিক শাহজাদপুর বার্তা, _c২০১৫. |
||
| 300 |
_a২২৩ পৃ. : _bচিত্র. ; _c২০ সেমি. |
||
| 500 | _aশুদ্ধিপত্র সংযুক্ত | ||
| 504 | _aগ্রন্থপঞ্জি সংযুক্ত | ||
| 650 |
_aইতিহাস _zবাংলাদেশ _9122133 |
||
| 650 |
_aBangladesh _zHistory _9122134 |
||
| 942 |
_2ddc _cBK |
||
| 999 |
_c39652 _d39652 |
||